A fine line (Registro nro. 306361)

Detalles MARC
000 -ENCABEZADO
Número de control [NR] 00883cam a2200241Ma 4500
005 - FECHA Y HORA DE LA ÚLTIMA TRANSACCIÓN
control field 20170608111014.0
008 - DE LONGITUD FIJA DE DATOS DE ELEMENTOS - INFORMACIÓN GENERAL
Elementos de longitud fija [NR] 170427s2009 xxuf fr 001 0 eng d
010 ## - NUMERO DE CONTROL DE LA BIBLIOTECA DEL CONGRESO (LC) [NR]
Numero de control LC Cancelado/invalido [R] 2009011951
020 ## - NUMERO INTERNACIONAL NORMALIZADO PARA LIBROS [R]
ISBN Cancelado/ Invalidado [R] 9780470451021
035 ## - NUMERO DE CONTROL DEL SISTEMA [R]
Número de control del sistema [NR] (OCoLC)981896558
040 ## - FUENTE DE CATALOGACION [NR]
Agencia de catalogación original [NR] CO-BoUCM
Idioma de catalogación [NR] spa
Quien Cataloga Sandra Palacio
Quien Clasifica Sandra Palacio
041 ## - CODIGO DE IDIOMA [R]
Código de idioma para texto/pista de sonido o título separado [R] Inglés
100 1# - ASIENTO PRINCIPAL--NOMBRE PERSONAL [NR]
Nombre personal [NR] Esslinger, Hartmut
Fechas asociadas con el nombre [NR] 1944-
ID Autoridad 85390
245 12 - MENCION DE TITULO [NR]
Título [NR] A fine line
Parte restante del título [NR] how design strategies are shaping the future of business
Mención de responsabilidad, etc. [NR] Hartmut Esslinger
260 ## - PUBLICACION, DISTRIBUCION, ETC. (PIE DE IMPRENTA) [R]
Lugar de publicación, distribución, etc. [R] San Francisco (California, Estados Unidos)
Nombre del editor, distribuidor, etc. [R] Jossey-Bass
Fecha de publicación, distribución, etc. [R] c2009
300 ## - DESCRIPCION FISICA [R]
Extensión [R] xiv, 183 páginas
Otros detalles físicos [NR] láminas
504 ## - NOTA DE BIBLIOGRAFIA, ETC. [R]
Nota de bibliografía, etc. [NR] Incluye referencias bibliográficas e índices
650 17 - ASIENTO SECUNDARIO DE MATERIA - TERMINO TEMATICO [R]
Término temático o nombre geográfico como elemento de entrada [NR] Diseño industrial
9 (RLIN) 13392
650 27 - ASIENTO SECUNDARIO DE MATERIA - TERMINO TEMATICO [R]
Término temático o nombre geográfico como elemento de entrada [NR] Productos nuevos
9 (RLIN) 22462
690 ## - ASUNTO AGREGADO LOCAL DE ENTRADA - TÉRMINO TEMÁTICO (OCLC, RLIN)
Acceso temático local Administración de empresas
9 (RLIN) 435
942 ## - ELEMENTOS DE ENTRADA AGREGADOS (KOHA)
Sistema de clasificación DEWEY
Tipo de ítem principal el descrito en 300a Libro
Tema principal Administración
Edición 1
Clasificación 658.5
Parte restante de la signatura top. E789af
Existencias
Fecha de último préstamo Total préstamos Total Renewals Signatura topográfica Código de barras Última vez visto Ejemplar Costo de reposición Price effective from Tipo de ítem Perdido Sistema de clasificación Dañado No prestable Tipo de ítem específico Suprimido Ubicación habitual Ubicación actual Localización Fecha de creación Proveedor Forma de adquisición Costo
02/09/2019 6 15 658.5 E789af 100153023 04/12/2024 Ej.1 41170.00 18/04/2017 Libro   DEWEY     Libro   Bodega Bodega 5to piso 18/04/2017 19 Compra 41170.00